00321nam a2200121Ia 4500008004100000041000800041082001200049100001800061245004500079260004100124300002300165365001100188240624s9999 xx 000 0 und d aeng a330 KUM aKUMAR PUSHPAM aECONOMICS OF ENVIRONMENT AND DEVELOPMENT c2005aNew DelhibAne Books Pvt. Ltd. a340 : p. : cm ; 22 cRSb32